|
|
|
|
| LEADER |
04692nam a2200565 4500 |
| 001 |
ocn746326604 |
| 003 |
OCoLC |
| 005 |
20170124072018.1 |
| 006 |
m o d |
| 007 |
cr cn||||||||| |
| 008 |
110811s2010 xx ob 001 0 eng d |
| 040 |
|
|
|a DG1
|b eng
|e pn
|c DG1
|d EBLCP
|d MERUC
|d YDXCP
|d CGU
|d B24X7
|d CUS
|d OCLCQ
|d UIU
|d OCLCF
|d DEBSZ
|d OCLCQ
|d S3O
|d OCLCQ
|d DG1
|d GrThAP
|
| 019 |
|
|
|a 637492366
|a 638860415
|a 765134288
|
| 020 |
|
|
|a 9780470606858
|
| 020 |
|
|
|a 0470606851
|
| 020 |
|
|
|a 9780470606841
|q (electronic bk.)
|
| 020 |
|
|
|a 0470606843
|q (electronic bk.)
|
| 020 |
|
|
|z 9780470195567
|q (cloth)
|
| 020 |
|
|
|z 0470195568
|q (cloth)
|
| 029 |
1 |
|
|a DEBSZ
|b 430860617
|
| 029 |
1 |
|
|a DEBBG
|b BV041874522
|
| 035 |
|
|
|a (OCoLC)746326604
|z (OCoLC)637492366
|z (OCoLC)638860415
|z (OCoLC)765134288
|
| 037 |
|
|
|a 10.1002/9780470606858
|b Wiley InterScience
|n http://www3.interscience.wiley.com
|
| 050 |
|
4 |
|a QD882
|b .M48 2010
|
| 082 |
0 |
4 |
|a 547.05045
|2 22
|
| 049 |
|
|
|a MAIN
|
| 245 |
0 |
0 |
|a Metal-organic frameworks :
|b design and application /
|c edited by Leonard R. MacGillivray.
|
| 264 |
|
1 |
|a Hoboken :
|b John Wiley & Sons,
|c 2010.
|
| 300 |
|
|
|a 1 online resource (363 pages)
|
| 336 |
|
|
|a text
|b txt
|2 rdacontent
|
| 337 |
|
|
|a computer
|b c
|2 rdamedia
|
| 338 |
|
|
|a online resource
|b cr
|2 rdacarrier
|
| 505 |
0 |
|
|a Front Matter -- Design of Multifunctional Porous MOFs. Design of Porous Coordination Polymers/Metal₆Organic Frameworks: Past, Present and Future / Satoshi Horike, Susumu Kitagawa -- Design of Functional Metal-Organic Frameworks by Post-Synthetic Modification / David Farrusseng, Jerome Canivet, Alessandra Quadrelli -- Gas Storage and Separation Applications. Thermodynamic Methods for Prediction of Gas Separation in Flexible Frameworks / Fraṅois-Xavier Coudert -- Separation and Purification of Gases by MOFs / Elisa Barea, Fabrizio Turra, Jorge A Rodriguez Navarro -- Opportunities for MOFs in CO Capture from Flue Gases, Natural Gas, and Syngas by Adsorption / Gerhard D Pirngruber, Philip L Llewellyn -- Manufacture of MOF Thin Films on Structured Supports for Separation and Catalysis / Sonia Aguado, David Farrusseng -- Research Status of Metal-Organic Frameworks for On-Board Cryo-Adsorptive Hydrogen Storage Applications / Anne Dailly -- Bulk Chemistry Applications. Separation of Xylene Isomers / Joeri F M Denayer, Dirk De Vos, Philibert Leflaive -- Metal-Organic Frameworks as Catalysts for Organic Reactions / Lik Hong Wee, Luc Alaerts, Johan A Martens, Dirk De Vos -- Medical Applications. Biomedical Applications of Metal-Organic Frameworks / Patricia Horcajada, Christian Serre, Alistair C McKinlay, Russell E Morris -- Metal-Organic Frameworks for Biomedical Imaging / Joseph Della Rocca, Wenbin Lin -- Physical Applications. Luminescent Metal-Organic Frameworks / John J Perry, Christina A Bauer, Mark D Allendorf -- Deposition of Thin Films for Sensor Applications / Mark Allendorf, Angelique B̌tard, Roland A Fischer -- Large-Scale Synthesis and Shaping of MOFs. Industrial MOF Synthesis / Alexander Czaja, Emi Leung, Natalia Trukhan, Ulrich Muller -- MOF Shaping and Immobilization / Bertram Bohringer, Roland Fischer, Martin R Lohe, Marcus Rose, Stefan Kaskel, Pia Kusgens -- Index.
|
| 520 |
|
|
|a Metal-organic frameworks represent a new class of materials that may solve the hydrogen storage problem associated with hydrogen-fueled vehicles. In this first definitive guide to metal-organic framework chemistry, author L. MacGillivray addresses state-of-art developments in this promising technology for alternative fuels. Providing professors, graduate and undergraduate students, structural chemists, physical chemists, and chemical engineers with a historical perspective, as well as the most up-to-date developments by leading experts, Metal-Organic Frameworks examines structure, symmetry.
|
| 504 |
|
|
|a Includes bibliographical references and index.
|
| 588 |
0 |
|
|a Print version record.
|
| 650 |
|
0 |
|a Supramolecular organometallic chemistry.
|
| 650 |
|
0 |
|a Organometallic polymers.
|
| 650 |
|
0 |
|a Porous materials.
|
| 650 |
|
4 |
|a Organometallic polymers.
|
| 650 |
|
4 |
|a Porous materials.
|
| 650 |
|
4 |
|a Supramolecular organometallic chemistry.
|
| 650 |
|
7 |
|a Organometallic polymers.
|2 fast
|0 (OCoLC)fst01047984
|
| 650 |
|
7 |
|a Porous materials.
|2 fast
|0 (OCoLC)fst01071907
|
| 650 |
|
7 |
|a Supramolecular organometallic chemistry.
|2 fast
|0 (OCoLC)fst01139161
|
| 655 |
|
4 |
|a Electronic books.
|
| 700 |
1 |
|
|a MacGillivray, Leonard R.
|
| 776 |
0 |
8 |
|i Print version:
|t Metal-organic frameworks.
|d Hoboken : John Wiley & Sons, 2010
|z 9780470606841
|w (OCoLC)638860415
|
| 856 |
4 |
0 |
|u https://doi.org/10.1002/9783527635856
|z Full Text via HEAL-Link
|
| 994 |
|
|
|a 92
|b DG1
|